| 000 | 01032cab a22002535a 4500 | ||
|---|---|---|---|
| 001 | L160009 | ||
| 008 | 150113e2016 xxk 000 0 eng d | ||
| 035 | _a(Sirsi) u160009 | ||
| 041 | 0 | _aeng | |
| 050 | _a333.3307 | ||
| 100 | 1 | _aCraig, Ewan | |
| 245 | 0 | 2 |
_aA healthy interest _h[electronic resource] |
| 260 |
_aLondon _bRICS _c2016 |
||
| 490 |
_aRICS Building Surveying Journal _vJuly 2016 - August 2016, 26(1) |
||
| 520 | _aOffers guidance on the subject of the health and safety competency which is mandatory for building surveying. | ||
| 650 | 2 | 4 |
_aAPC _96216 |
| 650 | 2 | 4 | _aCOMPETENCIES |
| 650 | 2 | 4 | _aABOUT RICS |
| 650 | 2 | 4 | _aCAREERS, EDUCATION AND TRAINING-QUALIFICATION ROUTES-ASSESSMENT OF PROFESSIONAL COMPETENCE |
| 690 |
_aBuilding surveying _96225 |
||
| 856 | 4 | 0 |
_uhttps://www.rics.org/Global/BSJ%20BCJ%20July%20August%202016.pdf _zView the article free of charge at www.rics.org... |
| 856 | 4 | 0 |
_uhttps://www.rics.org/Global/BSJ%20BCJ%20July%20August%202016.pdf _yAvailable free online via Issuu |
| 942 |
_n0 _2ddc |
||
| 999 |
_c85125 _d85125 |
||